00679nam a22001937a 450000500170000001000140001702000250003103500140005603700090007008200080007910000280008724500800011526000320019527000480022730000190027594200220029499900190031695201500033520250723161857.0 aEN-146091 a9789363196995c50.00 aEN-129623 bDBAD a000 aKhanna and Verma983210 aUpkar's General Knowledge Current Affairs and Who's Who?/cKhanna and Verma aAgrabUpkar Prakashanc2025 a2/11A, Swadeshi Bima Nagar, bAgrae282-002 avpp.c22cm(Pb) 2ddccENh000mVER c212517d212517 001040718NFICaBNbBNd2025-07-23eDelivery of Books Act Divisiong50.00l0o000 VERpEN-129623r2026-06-15 12:29:57t1v50.00w2025-07-23yEN